[Event "Main Vogelsberg-ch"]
[Site "Grossauheim"]
[Date "2004.11.20"]
[Round "5"]
[White "Ketterling, Bianca"]
[Black "Seip, Harry"]
[Result "0-1"]
[WhiteElo "1389"]
[BlackElo "1479"]
[PlyCount "66"]
[EventDate "2004.11.13"]
[EventType "swiss"]
[EventRounds "7"]
[EventCountry "GER"]
[SourceTitle "EXT 2022"]
[Source "ChessBase"]
[SourceDate "2021.10.06"]
[SourceVersion "1"]
[SourceVersionDate "2021.10.06"]
[SourceQuality "1"]

1. d4 d5 2. Nf3 Nd7 3. c4 dxc4 4. e4 Nb6 5. Nc3 c6 6. Bf4 Nf6 7. Ne5 e6 8. Nxc4 Nxc4 9. Bxc4 Bb4 10. Qd3 Qa5 11. 0-0 0-0 12. a3 Be7 13. b4 Qh5 14. h3 Rd8 15. Qe3 a6 16. Rfd1 h6 17. Be2 Qg6 18. d5 cxd5 19. exd5 Ne8 20. Rd3 Bf6 21. Be5 Bxe5 22. Qxe5 Qf6 23. Qg3 exd5 24. Rad1 Be6 25. Nxd5 Rxd5 26. Rxd5 Bxd5 27. Rxd5 Rd8 28. Re5 Qb6 29. b5 Nf6 30. Qc3 Qd6 31. bxa6 bxa6 32. Qc5 Qb8 33. Bxa6 Nd7 0-1

[Event "Main Kinzig-ch"]
[Site "Ronneburg"]
[Date "2003.11.07"]
[Round "5"]
[White "Plietz, Burckhard"]
[Black "Seip, Harry"]
[Result "0-1"]
[WhiteElo "1260"]
[BlackElo "1507"]
[PlyCount "132"]
[EventDate "2003.09.12"]
[EventType "swiss"]
[EventRounds "7"]
[EventCountry "GER"]
[SourceTitle "EXT 2015"]
[Source "ChessBase"]
[SourceDate "2014.11.20"]
[SourceVersion "1"]
[SourceVersionDate "2014.11.20"]
[SourceQuality "1"]

1. f4 e6 2. Nf3 d6 3. e4 e5 4. f5 g6 5. fxg6 fxg6 6. Bc4 Nc6 7. 0-0 Na5 8. Be2 Nf6 9. b4 Nc6 10. b5 Nd4 11. Nxd4 exd4 12. d3 c5 13. bxc6 bxc6 14. c4 dxc3 15. Nxc3 Bg7 16. Rb1 Be6 17. Qc2 Bg4 18. Bg5 Bxe2 19. Nxe2 c5 20. Qa4+ Qd7 21. Qxd7+ Nxd7 22. Rb7 Rf8 23. Rfb1 Rf7 24. Rc7 Nb6 25. Rxf7 Kxf7 26. Rf1+ Ke6 27. Be3 Rf8 28. Rxf8 Bxf8 29. Kf2 Nd7 30. Ke1 Ne5 31. Nf4+ Kd7 32. Ke2 Nc6 33. Nd5 Bg7 34. g4 a5 35. g5 Nb4 36. Nf6+ Bxf6 37. gxf6 Ke6 38. a3 Nc2 39. Bc1 Nd4+ 40. Ke3 Kxf6 41. a4 Kg5 42. Kf2+ Kg4 43. Kg2 Ne2 44. h3+ Kh4 45. Bd2 g5 46. Bxa5 Nf4+ 47. Kh2 Nxd3 48. Bc7 c4 49. Bxd6 c3 50. Ba3 c2 51. a5 Nc5 52. e5 g4 53. hxg4 Kxg4 54. Kg2 Kf5 55. Kg3 Kxe5 56. Kh4 Kd5 57. Kh5 Kc6 58. Kh6 Nb3 59. Kxh7 Nxa5 60. Kg6 Nc4 61. Bc1 Kd5 62. Bh6 Ke4 63. Bc1 Kd3 64. Kf5 Ke2 65. Ke4 Kd1 66. Bg5 Nd2+ 0-1

[Event "Main Kinzig-ch"]
[Site "Rodenbach"]
[Date "2001.11.30"]
[Round "6"]
[White "Viakofsky, Patrick"]
[Black "Seip, Harry"]
[Result "1-0"]
[WhiteElo "1976"]
[BlackElo "1576"]
[PlyCount "47"]
[EventDate "2001.09.21"]
[EventType "swiss"]
[EventRounds "7"]
[EventCountry "GER"]
[SourceTitle "EXT 2003"]
[Source "ChessBase"]
[SourceDate "2002.11.25"]
[SourceVersion "1"]
[SourceVersionDate "2002.11.25"]
[SourceQuality "1"]

1. c4 e5 2. Nc3 b6 3. Nf3 Bc5 4. e3 Bb7 5. Nxe5 Nc6 6. Nxc6 Bxc6 7. d4 Bb4 8. d5 Bxc3+ 9. bxc3 Bb7 10. Be2 d6 11. 0-0 Ne7 12. e4 0-0 13. Bg5 f6 14. Be3 a5 15. f4 f5 16. e5 dxe5 17. fxe5 f4 18. Rxf4 Ng6 19. Rxf8+ Qxf8 20. Qd4 c5 21. Qe4 Qd8 22. Rf1 Rc8 23. Qf5 Qf8 24. Qe6+ 1-0

[Event "MVS Bezirks-ch"]
[Site "Bad Soden Salmuenster"]
[Date "2001.11.18"]
[Round "3"]
[White "Sterzel, Roland"]
[Black "Seip, Harry"]
[Result "0-1"]
[WhiteElo "1111"]
[BlackElo "1576"]
[PlyCount "120"]
[EventDate "2001.11.??"]
[EventType "swiss"]
[EventRounds "7"]
[EventCountry "GER"]
[SourceTitle "EXT 2004"]
[Source "ChessBase"]
[SourceDate "2003.11.25"]
[SourceVersion "1"]
[SourceVersionDate "2003.11.25"]
[SourceQuality "1"]

1. d4 d5 2. Nf3 b6 3. e3 Bb7 4. Be2 a6 5. 0-0 e6 6. Nc3 c5 7. b3 Bd6 8. Bb2 Nc6 9. a3 Nge7 10. Bd3 Qc7 11. Ne2 0-0 12. c3 e5 13. dxe5 Nxe5 14. Nxe5 Bxe5 15. f4 Bf6 16. Qc2 Ng6 17. e4 dxe4 18. Bxe4 Bxe4 19. Qxe4 Rfe8 20. Qf3 c4 21. b4 b5 22. Rad1 Nh4 23. Qf2 Nf5 24. Bc1 Rad8 25. Rxd8 Bxd8 26. Kh1 Bh4 27. Qf3 Qe7 28. Ng1 Bf6 29. Bd2 a5 30. Qc6 Qd8 31. Qxb5 axb4 32. axb4 Nd6 33. Qa4 Qb6 34. Re1 Rb8 35. Nf3 Qb7 36. Qc2 g6 37. Be3 Nb5 38. Bd2 Rd8 39. Qe4 Qxe4 40. Rxe4 Nxc3 41. Rxc4 Nb1 42. Be3 Rd1+ 43. Ng1 Na3 44. Rc6 Bd4 45. Rc1 Rd3 46. Rc8+ Kg7 47. Rd8 Rxe3 48. Rxd4 Rb3 49. h3 Nc2 50. Rc4 Nxb4 51. Nf3 Nd5 52. Kh2 Ne3 53. Re4 Nf1+ 54. Kg1 Ng3 55. Re7 Kf8 56. Rc7 Ne2+ 57. Kh2 Nxf4 58. Ng5 Ne6 59. Rxf7+ Ke8 60. Nxe6 Kxf7 0-1